000 00497nam a2200205Ia 4500
003 OSt
005 20260211094442.0
008 250729s1990 xx 000 0 und d
020 _a978-8131501962
040 _cAL
041 _aeng
082 _a150 WEIP
100 _aWeiten Wayne
_9228764
245 _aPsychology applied to modern life,3rd ed
260 _aCalifornia
_c1990
300 _a542p
650 _aPsychology
_9228765
700 _aRao Digumurthi
_9228766
942 _2ddc
_cBED
999 _c238106
_d238106